000 01916nam a2200265 a 4500
001 BRCA_8751
005 20190320210407.0
008 100317s1780----sp-#######---#000-0#spa-#
041 _aspa
044 _asp
084 _aBE114
_b.R63 1780
100 1 _aRodríguez de Arellano, Joseph Xavier
_921790
245 1 0 _aAvisos espirituales que dio a sus hijas la serafica doctora S. Teresa de Jesús
_cy explica en platicas de su devoto El Ilmo. Señor Don Joseph Xavier Rodríguez de Arellano, Arzobispo de Burgos, del Consejo de su Magestad.
260 _aBurgos
_bPor Joseph de Navas, Impresor en dicha Ciudad
_c1780
300 _a[18], 507 p. (t.2)
_c20.6 x 14.6 cm.
500 _aCon las licencias necesarias
500 _aCon marca de fuego: “Procedencia de la marca: Colegio de San José de Gracia de Orizaba(1). Institución: Congregación de Propaganda Fide. Descripción: Monograma conformado por: S[AN]; las iniciales para José y las iniciales para Gracia. Observaciones: Rafael Sala asigna la marca a un convento de monjas de la ciudad de México. --------- Varía respecto de la marca BF-12031 en que el monograma para la palabra José es muy distinto pues se nota un tipo de letra más rectilínea y están más definidos los patines. Ubicación de la marca en el libro: Canto superior”
500 _aEn portada: Y dedica a las venerables preladas, y Religiosas de los Monasterios de su Filiacion
500 _aEstado físico: presenta encuadernación en pergamino, con cintas y presencia del pez de plata
600 1 4 _aTeresa de Jesús, Santa
_d1515 - 1582
_xCritica e interpretación
_yObras anteriores a 1800
_921791
650 1 4 _aMisticismo
_yObras anteriores a 1800
_921792
856 _ahttp://www.marcasdefuego.buap.mx:8180/xmLibris/projects/firebrand/item.jsp?repository=marcas_de_fuego&key=marcas_de_fuego_franciscanas_20150710115905_e66c.xml&num=77
902 _aCFM
942 _2lcc
_cB
999 _c8403
_d8403